Statistics for Idioms for Problems

Click here to take the quiz!

General Stats

  • This quiz has been taken 28,118 times
  • The average score is 14 of 21

Answer Stats

Idiom% Correct
Stir up a hornet's {nest}
96%
Spiral out of {control}
95%
In over one's {head}
92%
Between a {rock} and a hard place
91%
Hung out to {dry}
90%
A whole can of {worms}
87%
An uphill {battle}
85%
Go up in {smoke}
84%
{Catch}-22
83%
In dire {straits}
70%
{Grasping} at straws
70%
A millstone around one's {neck}
65%
One's {cross} to bear
59%
One's goose is {cooked}
58%
A stumbling {block}
53%
A spanner in the {works}
49%
Go {pear}-shaped
47%
The {wheels} have fallen off
43%
Twisting in the {wind}
42%
On a sticky {wicket}
32%
Up a {blind} alley
25%

Score Distribution

Percentile by Number Answered

Percent of People with Each Score

Your Score History

You have not taken this quiz